El texto escolar: una alternativa para aprender en la escuela y en la casa
Salvato in:
| Autori principali: | , , , , |
|---|---|
| Natura: | Libro |
| Lingua: | spagnolo |
| Pubblicazione: |
Santiago
Ministerio de Educación
2000
|
| Soggetti: | |
| Tags: |
Aggiungi Tag
Nessun Tag, puoi essere il primo ad aggiungerne!!
|
MARC
| LEADER | 00000nam a2200000 a 4500 | ||
|---|---|---|---|
| 001 | UCO3357 | ||
| 003 | CL-VaPUC | ||
| 008 | 000720e20000000CL |||||||||||||||||spa|d | ||
| 082 | 0 | 4 | |a 372.6 |b LEI |2 21 |
| 100 | 0 | |a Leiva González, David |e author |9 447463 | |
| 700 | 0 | |a Cardemil Oliva, Cecilia |e author |9 447464 | |
| 700 | 0 | |a Rittershaussen Klauning, Sylvia |e author |9 447465 | |
| 700 | 0 | |a Latorre Gaete, Marcela |e author |9 447466 | |
| 700 | 0 | |a Rodriguez Rodriguez, Enrique |e author |9 447467 | |
| 245 | 1 | 3 | |a El texto escolar: una alternativa para aprender en la escuela y en la casa |
| 300 | |a 94 p | ||
| 942 | |c BK | ||
| 945 | |d 20000720 00:00:00 |a rbrito | ||
| 260 | |a Santiago |b Ministerio de Educación |c 2000 | ||
| 650 | 0 | |a Calidad de la educación |9 307271 | |
| 650 | 7 | |a LIBRO DE TEXTO |2 CL-VaPUC |9 309176 | |
| 650 | 0 | |a Educación básica |9 224933 | |
| 583 | |a last modification |c 20000720 00:00:00 |k Rodrigo Vera | ||
| 999 | |c 289815 |d 289813 | ||
| 952 | |0 0 |1 0 |4 0 |6 372_600000000000000_LEI_2000 |7 0 |8 A |9 338566 |a BIBEDU |b BIBEDU |c ES_NOD |d 2019-11-20 |i 3626881 |l 1 |o 372.6 LEI 2000 |p 3626881 |r 2024-09-09 |s 2024-08-23 |w 2019-11-20 |y BK |k BME | ||